Eintracht Frankfurt players (2010-2020) - Statistics

General Stats
  • This quiz has been taken 6 times
  • The average score is 38 of 128
Answer Stats
Rank Player Positions Nationality Matches Goals (assists) Period % Correct
1 Alexander Meier CF 176 80 (20) 2010-2018
100%
8 David Abraham CB 125 3 (5) 2015-2020
100%
5 Kevin Trapp GK 137 0 (0) 2012-2015, 2018-2020
100%
2 Makoto Hasebe DM 162 2 (5) 2014-2020
100%
10 Timothy Chandler RB 120 8 (11) 2014-2020
100%
60 Almamy Touré CB 26 1 (3) 2018-2020
80%
17 Ante Rebić LW 78 17 (9) 2016-2020
80%
23 Filip Kostić LM 67 10 (23) 2018-2020
80%
16 Haris Seferovic ST 86 16 (13) 2014-2017
80%
27 Luka Jović ST 54 25 (7) 2017-2019
80%
14 Lukas Hradecky GK 101 0 (0) 2015-2018
80%
34 Martin Hinteregger CB 45 9 (2) 2018-2020
80%
11 Mijat Gacinovic AM 116 3 (8) 2015-2020
80%
6 Sebastian Rode CM 135 7 (14) 2010-2014, 2018-2020
80%
32 Theofanis Gekas ST 48 23 (3) 2010-2012
80%
65 André Silva ST 25 12 (4) 2019-2020
60%
4 Bastian Oczipka LB 146 2 (22) 2012-2017
60%
43 Branimir Hrgota ST 35 5 (3) 2016-2019
60%
61 Carlos Salcedo CB 26 0 (0) 2017-2019
60%
49 Daichi Kamada AM 31 2 (6) 2017-2018, 2019-2020
60%
21 Danny da Costa CB 70 4 (12) 2017-2020
60%
55 Djibril Sow CM 29 1 (3) 2019-2020
60%
31 Evan Ndicka CB 49 2 (2) 2018-2020
60%
26 Gelson Fernandes DM 58 1 (0) 2017-2020
60%
46 Gonçalo Paciência ST 34 10 (5) 2018-2020
60%
50 Kevin-Prince Boateng AM 31 6 (1) 2017-2018
60%
35 Marco Fabián AM 43 8 (7) 2015-2019
60%
3 Marco Russ CB 153 11 (8) 2010-2019
60%
25 Oka Nikolov GK 59 0 (0) 2010-2013
60%
7 Sebastian Jung RB 128 3 (14) 2010-2014
60%
24 Sébastien Haller ST 60 24 (13) 2017-2019
60%
15 Bamba Anderson CB 95 1 (4) 2011-2015
40%
68 Bas Dost ST 24 8 (2) 2019-2020
40%
44 Caio AM 35 1 (0) 2010-2012
40%
13 Carlos Zambrano CB 101 0 (1) 2012-2016
40%
99 Chris CB 7 2 (1) 2010-2011
40%
121 Dominik Schmidt CB 1 0 (0) 2011-2012
40%
98 Erik Durm RB 9 0 (0) 2019-2020
40%
100 Guillermo Varela RB 7 0 (0) 2016-2017
40%
75 Ioannis Amanatidis ST 19 0 (1) 2010-2011
40%
28 Jonathan de Guzmán CM 52 3 (10) 2017-2020
40%
69 Joselu ST 24 9 (2) 2013-2014
40%
29 Karim Matmour RW 52 7 (5) 2011-2013
40%
71 Lucas Piazón AM 22 2 (2) 2014-2015
40%
67 Martin Fenin ST 25 1 (1) 2010-2012
40%
72 Michael Hector CB 22 1 (0) 2016-2017
40%
64 Mohamadou Idrissou ST 26 14 (6) 2011-2012
40%
101 Nicolai Müller AM 7 2 (0) 2018-2019
40%
41 Omar Mascarell DM 37 1 (0) 2016-2018
40%
56 Patrick Ochs RB 29 2 (3) 2010-2011
40%
12 Pirmin Schwegler DM 103 3 (12) 2010-2014
40%
83 Ralf Fährmann GK 15 0 (0) 2010-2011
40%
86 Rob Friend ST 13 1 (0) 2011-2012
40%
45 Simon Falette CB 35 1 (0) 2017-2020
40%
9 Stefan Aigner RW 121 25 (25) 2012-2016
40%
92 Aleksandar Vasoski CB 11 0 (0) 2010-2011
20%
37 Alexander Madlung CB 38 6 (0) 2013-2015
20%
120 Aykut Özer GK 1 0 (0) 2012-2013
20%
58 Aymen Barkok AM 27 2 (3) 2016-2018
20%
22 Benjamin Köhler LM 68 11 (12) 2010-2013
20%
20 Constant Djakpa LB 71 1 (6) 2011-2016
20%
107 Dejan Joveljić ST 4 0 (0) 2019-2020
20%
62 Dominik Kohr CB 26 0 (3) 2019-2020
20%
115 Dorge Kouemaha ST 2 0 (0) 2012-2013
20%
93 Frederik Rönnow GK 11 0 (0) 2018-2020
20%
59 Georgios Tzavellas CB 27 1 (3) 2010-2012
20%
47 Halil Altıntop AM 34 0 (3) 2010-2011
20%
116 Heinz Lindner GK 2 0 (0) 2016-2017
20%
66 Jesús Vallejo CB 25 1 (1) 2016-2017
20%
33 Jetro Willems CB 46 0 (3) 2017-2019
20%
94 Marcel Heller RM 10 0 (1) 2010-2011
20%
51 Marius Wolf RB 31 5 (9) 2016-2018
20%
95 Nelson Valdez ST 10 1 (0) 2014-2015
20%
57 Slobodan Medojevic DM 29 1 (0) 2014-2016, 2017-2018
20%
30 Sonny Kittel AM 51 3 (2) 2010-2013, 2014-2016
20%
84 Stefan Reinartz DM 15 1 (1) 2015-2016
20%
91 Stephan Schröck LM 12 0 (0) 2013-2014
20%
52 Szabolcs Huszti LM 30 3 (4) 2015-2017
20%
19 Takashi Inui LW 75 7 (16) 2012-2016
20%
53 Taleb Tawatha LB 30 0 (1) 2016-2019
20%
114 Timo Hildebrand GK 3 0 (0) 2014-2015
20%
110 Tobias Weis CM 4 0 (0) 2013-2014
20%
54 Vaclav Kadlec ST 30 6 (4) 2013-2016
20%
36 Aleksandar Ignjovski DM 38 0 (3) 2014-2016
0%
104 Allan DM 4 0 (0) 2018-2019
0%
105 Andersson Ordóñez CB 4 0 (0) 2016-2017
0%
97 Änis Ben-Hatira RW 9 1 (2) 2015-2016
0%
79 Danny Blum LW 17 2 (1) 2016-2019
0%
106 David Kinsombi CB 4 0 (0) 2014-2016
0%
42 Erwin Hoffer ST 36 10 (5) 2011-2013
0%
85 Felix Wiedwald GK 14 0 (0) 2013-2015, 2019-2020
0%
48 Gordon Schildenfeld CB 33 1 (2) 2011-2012
0%
122 Habib Bellaïd CB 1 0 (0) 2011-2012
0%
80 Heiko Butscher CB 15 0 (3) 2011-2013
0%
77 Jan Rosenthal CF 18 2 (1) 2013-2014
0%
111 Joel Gerezgiher AM 3 0 (0) 2015-2016
0%
38 Johannes Flum CM 38 3 (3) 2013-2016
0%
123 Julian Dudda CB 1 0 (0) 2010-2011
0%
117 Kaan Ayhan CB 2 0 (0) 2015-2016
0%
124 Kevin Kraus CB 1 0 (0) 2010-2011
0%
82 Lucas Torró DM 15 0 (0) 2018-2020
0%
81 Luca Waldschmidt ST 15 0 (1) 2014-2016
0%
76 Luc Castaignos ST 19 4 (3) 2015-2016
0%
70 Maik Franz CB 23 0 (1) 2010-2011
0%
125 Marcel Titsch Rivero CM 1 0 (0) 2010-2011
0%
102 Marc Oliver Kempf CB 5 0 (0) 2012-2014
0%
18 Marc Stendera CM 78 5 (9) 2012-2019
0%
126 Marijan Cavar CM 1 0 (0) 2017-2018
0%
108 Markus Steinhöfer RB 4 0 (0) 2010-2011
0%
118 Martin Amedick CB 2 0 (0) 2011-2012
0%
40 Martin Lanig DM 37 4 (2) 2012-2015
0%
112 Marvin Bakalorz DM 3 0 (0) 2013-2014
0%
63 Matthias Lehmann DM 26 0 (1) 2011-2012
0%
113 Max Besuschkow CM 3 0 (0) 2016-2017
0%
127 Nico Rinderknecht DM 1 0 (0) 2015-2016
0%
128 Nikola Petković CB 1 0 (0) 2010-2011
0%
78 Olivier Occéan ST 18 1 (1) 2012-2013
0%
89 Ricardo Clark CM 12 0 (0) 2010-2012
0%
87 Shani Tarashaj CF 13 1 (0) 2016-2017
0%
73 Srdjan Lakic ST 22 4 (1) 2012-2014
0%
119 Stefan Bell CB 2 0 (0) 2011-2012
0%
90 Stefan Ilsanker DM 12 2 (1) 2019-2020
0%
39 Stefano Celozzi RB 38 0 (3) 2012-2014
0%
109 Thomas Kessler GK 4 0 (0) 2011-2012
0%
74 Tranquillo Barnetta AM 22 1 (3) 2013-2014
0%
88 Ümit Korkmaz LW 13 1 (1) 2010-2012
0%
103 Vadim Demidov CB 5 0 (0) 2012-2013
0%
96 Yanni Regäsel DM 10 0 (0) 2015-2016
0%
No matching quizzes found
Score Distribution
Percent of People with Each Score
Percentile by Number Answered
Your Score History
You have not taken this quiz